Air Power And The Stategic Balance / (Record no. 204484)

MARC details
000 -LEADER
fixed length control field 00850nam a22002897a 4500
003 - CONTROL NUMBER IDENTIFIER
control field dpl
005 - DATE AND TIME OF LATEST TRANSACTION
control field 20240726120011.0
008 - FIXED-LENGTH DATA ELEMENTS--GENERAL INFORMATION
fixed length control field 240305b |||||||| |||| 00| 0 eng d
010 ## - LIBRARY OF CONGRESS CONTROL NUMBER
LC control number ENG-141027 ENG-141027
020 ## - INTERNATIONAL STANDARD BOOK NUMBER
Terms of availability 1580.00
International Standard Book Number 978939491567-1
035 ## - SYSTEM CONTROL NUMBER
System control number EN-124559
035 ## - SYSTEM CONTROL NUMBER
System control number EN-124559
035 ## - SYSTEM CONTROL NUMBER
System control number EN-124559
037 ## - SOURCE OF ACQUISITION
Source of stock number/acquisition DBAD
040 ## - CATALOGING SOURCE
Transcribing agency .
082 ## - DEWEY DECIMAL CLASSIFICATION NUMBER
Classification number 327.54
100 ## - MAIN ENTRY--PERSONAL NAME
Personal name Mahawar Kapoor Nutan And Bhattacharjee Dhrupajyoti
9 (RLIN) 62808
245 ## - TITLE STATEMENT
Title Air Power And The Stategic Balance /
Remainder of title The Indian Ocean And Bay Of Bengal
260 ## - PUBLICATION, DISTRIBUTION, ETC. (IMPRINT)
Place of publication, distribution, etc New Delhi
Name of publisher, distributor, etc KW Publishers
Date of publication, distribution, etc 2023
270 ## - ADDRESS
Address 4676/ 21 First Floor Ansari Road Daryaganj
City New Delhi
Postal code 110002
300 ## - PHYSICAL DESCRIPTION
Extent 320Pages
Dimensions 24cm,(hb)
700 ## - ADDED ENTRY--PERSONAL NAME
9 (RLIN) 62809
700 ## - ADDED ENTRY--PERSONAL NAME
9 (RLIN) 62810
700 ## - ADDED ENTRY--PERSONAL NAME
9 (RLIN) 62811
700 ## - ADDED ENTRY--PERSONAL NAME
9 (RLIN) 62818
942 ## - ADDED ENTRY ELEMENTS (KOHA)
Source of classification or shelving scheme Dewey Decimal Classification
Koha item type English Books
Classification part 358.4
Call number suffix CHO

No items available.


© Delhi Public Library
Hit Counter
free hit counter